00422nam a22001577a 450000500170000000800090001704100080002608200110003410000440004524500780008926000090016730000170017665000150019365000310020870000250023920220624095624.0Español aspa aTU 119 aAmador Campos, María de los Ángeles aInforme de práctica supervisada realizada en Agencias de Viajes Colón c2018 a19 páginas aCOSTA RICA aAGENCIAS DE VIAJES COLÓN aDESARROLLO OPERATIVO